000 00756nam a2200205Ii 4500
003 JO-AjNU
008 230605s9999||||xx |||||||||||||| ||und||
040 _aJO-AjNU
_bara
_erda
_cJO-AjNU
041 _aara
050 1 4 _aDR486.2019
100 3 _aتأليف: زايد، غازي جبر,
_eauthor
_960856
245 0 0 _aتاريخ الدولة العثمانية
250 _aالطبعة الاولي
264 3 1 _aعمان:دار الاعصار العلمي للنشر والتوزيع، 2019
300 _a231ص
_b ويحتوي على قائمة مراجع من ص227ص- 231ص
336 _atext
_btxt
_2rdacontent
337 _aunmediated
_bn
_2rdamedia
338 _avolume
_bnc
_2rdacarrier
650 4 _a العثمانيون- تاريخ
_960857
999 _aA27472
_c31040
_d31040